| 000 | 00630nam a22002177a 4500 | ||
|---|---|---|---|
| 999 |
_c5568 _d5568 |
||
| 003 | AR-CdUCM | ||
| 008 | 190312b ||||| |||| 00| 0 spa d | ||
| 040 |
_aMUNICIPALIDAD PROVINCIAL DEL CUSCO _cBIBLIOTECA MUNICIPAL DEL CUSCO |
||
| 082 |
_a869.56 / _bA69 |
||
| 100 |
_aArias Larreta, Felipe _914824 |
||
| 245 | _aEl surco alucinado / | ||
| 260 |
_aLima : _bEds. Trilce, _c1950. |
||
| 300 |
_a61 paginas ; _c21 cm. |
||
| 500 | _aDonación familia Nieto | ||
| 505 | _aContenido :Poesías / | ||
| 650 |
_aLiteratura peruana _9169 |
||
| 650 |
_aPoesías _92272 |
||
| 650 |
_aSiglo XX _98 |
||
| 942 |
_2ddc _cLIBROS |
||
| 945 | _arjall | ||